The last spring : (Record no. 95879)

MARC details
000 -LEADER
fixed length control field 01084nam a22002537a 4500
005 - DATE AND TIME OF LATEST TRANSACTION
control field 20170809153152.0
010 ## - LCCN (DPL NO)
LC control number 1516EN07 ENG-114878
020 ## - INTERNATIONAL STANDARD BOOK NUMBER
International Standard Book Number 9780143424550
Terms of availability 599.00
035 ## - SYSTEM CONTROL NUMBER
System control number EN-98410
035 ## - SYSTEM CONTROL NUMBER
System control number B-605993-005
035 ## - SYSTEM CONTROL NUMBER
System control number B-664992
037 ## - SOURCE OF ACQUISITION
Stock number dpl
Source of stock number/acquisition Blueberry/Ven
037 ## - SOURCE OF ACQUISITION
Source of stock number/acquisition DBAD/PUB
082 ## - DEWEY DECIMAL CLASSIFICATION NUMBER
Classification number 954.01
100 ## - MAIN ENTRY--PERSONAL NAME
Personal name Eraly, Abraham
245 ## - TITLE STATEMENT
Title The last spring :
Statement of responsibility, etc by Abraham Eraly
Remainder of title life in India's last golden age Part-II /
260 ## - PUBLICATION, DISTRIBUTION, ETC. (IMPRINT)
Name of publisher, distributor, etc Penguin Books
Date of publication, distribution, etc 2015
Place of publication, distribution, etc Gurgaon
270 ## - ADDRESS
Address 7th Floor, Infinity Tower C, DLF Cyber City
City Gurgaon
Postal code 122002
300 ## - PHYSICAL DESCRIPTION
Extent Pt.2(xvii, 420p.)
Dimensions 24cm(pbk)
500 ## - GENERAL NOTE
General note Includes bibliographical references and index
942 ## - ADDED ENTRY ELEMENTS (KOHA)
Source of classification or shelving scheme Dewey Decimal Classification
Item type English Books
Call number suffix ERA
Classification part 954.01
Holdings
Withdrawn status Lost status Not for loan Collection code Home library Current library Date acquired Source of acquisition Cost, normal purchase price Full call number Barcode Copy number Cost, replacement price Koha item type
      Non-fiction Ashok Vihar Ashok Vihar 09/08/2017 BPPD/EN/2015-16/AV/2016-17/390/15.02.2017/IN16115/27.02.2017/07.03.2017 599.00 954.01 ERA B-664992 1 599.00 English Books
      Non-fiction Bawana Bawana 04/07/2016 IN14243/28.9.2015/114/16.9.2015/15.10.2015 599.00 954.01 ERA B-606005 1 599.00 English Books
      Non-fiction Central Library Central Library 04/07/2016 IN14243/28.9.2015/114/16.9.2015/15.10.2015 599.00 954.01 ERA B-605993 1 599.00 English Books
    Not For Loan Reference Central Library Central Library 04/07/2016 IN14243/28.9.2015/114/16.9.2015/15.10.2015 599.00 954.01 ERA B-605994 1 599.00 English Books
      Non-fiction Janak Puri Janak Puri 04/07/2016 IN14243/28.9.2015/114/16.9.2015/15.10.2015 599.00 954.01 ERA B-605999 1 599.00 English Books
      Non-fiction Karol Bagh Karol Bagh 04/07/2016 IN14243/28.9.2015/114/16.9.2015/15.10.2015 599.00 954.01 ERA B-606003 1 599.00 English Books
      Non-fiction Kasturba Gandhi Marg Kasturba Gandhi Marg 04/07/2016 IN14243/28.9.2015/114/16.9.2015/15.10.2015 599.00 954.01 ERA B-605996 1 599.00 English Books
      Non-fiction Narela Narela 04/07/2016 IN14243/28.9.2015/114/16.9.2015/15.10.2015 599.00 954.01 ERA B-606004 1 599.00 English Books
      Non-fiction Patel Nagar Patel Nagar 04/07/2016 IN14243/28.9.2015/114/16.9.2015/15.10.2015 599.00 954.01 ERA B-605995 1 599.00 English Books
      Non-fiction Peshwa Road Peshwa Road 04/07/2016 IN14243/28.9.2015/114/16.9.2015/15.10.2015 599.00 954.01 ERA B-605997 1 599.00 English Books
      Non-fiction R.K.Puram-8 R.K.Puram-8 04/07/2016 IN14243/28.9.2015/114/16.9.2015/15.10.2015 599.00 954.01 ERA B-606001 1 599.00 English Books
      Non-fiction Sarojini Nagar Sarojini Nagar 04/07/2016 IN14243/28.9.2015/114/16.9.2015/15.10.2015 599.00 954.01 ERA B-606000 1 599.00 English Books
      Non-fiction Shahdara Branch Shahdara Branch 10/02/2016 DBAD/PUB 599.00 954.01 ERA EN-98410 1 599.00 English Books
      Non-fiction Sriniwas Puri Sriniwas Puri 04/07/2016 IN14243/28.9.2015/114/16.9.2015/15.10.2015 599.00 954.01 ERA B-606002 1 599.00 English Books
      Non-fiction Tri Nagar Tri Nagar 04/07/2016 IN14243/28.9.2015/114/16.9.2015/15.10.2015 599.00 954.01 ERA B-605998 1 599.00 English Books

© Delhi Public Library
Hit Counter
free hit counter